Openness and transparency in governance challenges and opportunities

Gespeichert in:
Bibliographische Detailangaben
Weitere Verfasser: Kelly, Michael
Format: Buch
Sprache:Englisch
Veröffentlicht: Bratislava NISPAcee 2000
Schlagworte:
Tags: Tag hinzufügen
Keine Tags, Fügen Sie das erste Tag hinzu!

MARC

LEADER 00000nam a2200000 4500
001 c120559
005 20221221083126.4
020 |a 80-89013-01-5 
041 0 |a eng 
044 |a SK 
245 1 0 |a Openness and transparency in governance  |b challenges and opportunities  |c Edited by: Michael Kelly 
264 1 |a Bratislava  |b NISPAcee  |c 2000 
300 |a 235 s. 
610 2 0 |a správa miestna 
610 2 0 |a správa verejná 
610 2 0 |a mestá 
610 2 0 |a regióny 
610 2 0 |a výskum 
610 2 0 |a reformy 
610 2 0 |a správa štátna 
610 2 0 |a Európa 
610 2 0 |a Európska únia 
610 2 0 |a Česko 
610 2 0 |a Ukrajina 
610 2 0 |a Maďarsko 
610 2 0 |a Estónsko 
610 2 0 |a Fínsko 
610 2 0 |a Veľká Británia 
610 2 0 |a OECD 
700 1 |a Kelly, Michael